How to pick stocks like Warren Buffett : (Record no. 969)

000 -LEADER
fixed length control field 01447nam a22003737a 4500
001 - CONTROL NUMBER
control field 12031919
003 - CONTROL NUMBER IDENTIFIER
control field OSt
005 - DATE AND TIME OF LATEST TRANSACTION
control field 20210426112142.0
008 - FIXED-LENGTH DATA ELEMENTS--GENERAL INFORMATION
fixed length control field 000606s2001 nyua b 001 0deng
010 ## - LIBRARY OF CONGRESS CONTROL NUMBER
LC control number 00055015
020 ## - INTERNATIONAL STANDARD BOOK NUMBER
International Standard Book Number 0071357696
040 ## - CATALOGING SOURCE
Original cataloging agency DLC
Transcribing agency DLC
Modifying agency DLC
042 ## - AUTHENTICATION CODE
Authentication code pcc
043 ## - GEOGRAPHIC AREA CODE
Geographic area code n-us---
050 00 - LIBRARY OF CONGRESS CALL NUMBER
Classification number HG4910
Item number .V528 2001
080 ## - UNIVERSAL DECIMAL CLASSIFICATION NUMBER
Universal Decimal Classification number 65
Item number V-59
082 00 - DEWEY DECIMAL CLASSIFICATION NUMBER
Classification number 332.63/22
Edition number 21
100 1# - MAIN ENTRY--PERSONAL NAME
Personal name Vick, Timothy P.
245 10 - TITLE STATEMENT
Title How to pick stocks like Warren Buffett :
Remainder of title profiting from the bargain hunting strategies of the world's greatest value investor /
Statement of responsibility, etc. Timothy Vick.
260 ## - PUBLICATION, DISTRIBUTION, ETC.
Place of publication, distribution, etc. New York :
Name of publisher, distributor, etc. McGraw-Hill,
Date of publication, distribution, etc. c2001.
300 ## - PHYSICAL DESCRIPTION
Extent x, 277 p. :
Other physical details ill. ;
Dimensions 24 cm.
365 ## - TRADE PRICE
Price note 22.95 USD
504 ## - BIBLIOGRAPHY, ETC. NOTE
Bibliography, etc. note Includes bibliographical references (p. 261-267) and index.
600 10 - SUBJECT ADDED ENTRY--PERSONAL NAME
Personal name Buffett, Warren.
650 #0 - SUBJECT ADDED ENTRY--TOPICAL TERM
Topical term or geographic name entry element Investments
Geographic subdivision United States.
650 #0 - SUBJECT ADDED ENTRY--TOPICAL TERM
Topical term or geographic name entry element Stocks
Geographic subdivision United States.
653 ## - INDEX TERM--UNCONTROLLED
Uncontrolled term ბიზნესი
856 42 - ELECTRONIC LOCATION AND ACCESS
Materials specified Contributor biographical information
Uniform Resource Identifier <a href="http://www.loc.gov/catdir/bios/mh041/00055015.html">http://www.loc.gov/catdir/bios/mh041/00055015.html</a>
856 42 - ELECTRONIC LOCATION AND ACCESS
Materials specified Publisher description
Uniform Resource Identifier <a href="http://www.loc.gov/catdir/description/mh021/00055015.html">http://www.loc.gov/catdir/description/mh021/00055015.html</a>
856 41 - ELECTRONIC LOCATION AND ACCESS
Materials specified Table of contents
Uniform Resource Identifier <a href="http://www.loc.gov/catdir/toc/mh021/00055015.html">http://www.loc.gov/catdir/toc/mh021/00055015.html</a>
906 ## - LOCAL DATA ELEMENT F, LDF (RLIN)
a 7
b cbc
c orignew
d 1
e ocip
f 20
g y-gencatlg
942 ## - ADDED ENTRY ELEMENTS (KOHA)
Source of classification or shelving scheme
Koha item type Books
Holdings
Withdrawn status Lost status Source of classification or shelving scheme Damaged status Not for loan Permanent location Current location Date acquired Inventory number Total Checkouts Full call number Barcode Date last seen Price effective from Koha item type
          Ken Walker International University Ken Walker International University 01/27/2021 2454   65 V-59 2454 01/27/2021 01/27/2021 Books

Powered by Koha